00357nam a2200133Ia 4500008004100000041000800041082001200049100002200061245005200083250001400135260003200149300003100181365001100212240624s9999 xx 000 0 und d aeng a658 ARM aARMSTRONG MICHAEL aHOW TO BE AN EVEN BETTER MANAGER A COMPLETE A Z a(7th ed.) c2009aNew DelhibKogan Page axvi, : 342 : p. : cm. ; 21 cRSb30